000 00617nam a2200241 a 4500
001 nice12345678
003 IN_TiNIC
005 20260116012235.0
008 050524s1979 bria grp 000 0 eng
020 _a
_c86.25
082 0 0 _a901
_bBAR
100 _aBarraclough, Geoffrey
245 _aIntroduction to Contemporary History
260 _aBritain
_bPenguin Books
_c1979
300 _a284p
500 _aincludes index and biblioraphy
505 2 _aAppendex, Bibliography, Index
650 _aHistory-Philosophy
700 1 _aBarraclough, Geoffrey
902 _bSRS
942 _cBK
999 _c6211
_d6211